In the land of the Lawn Weenies and other warped and creepy tales / (Record no. 7702)

MARC details
000 -LEADER
fixed length control field 00905nam a22002897a 4500
001 - CONTROL NUMBER
control field 7702
003 - CONTROL NUMBER IDENTIFIER
control field FISKH
005 - DATE AND TIME OF LATEST TRANSACTION
control field 20250731133928.0
008 - FIXED-LENGTH DATA ELEMENTS--GENERAL INFORMATION
fixed length control field 250731b cb ||||| |||| 00| 0 eng d
020 ## - INTERNATIONAL STANDARD BOOK NUMBER
International Standard Book Number 9780765345707
040 ## - CATALOGING SOURCE
Original cataloging agency FISKH
Language of cataloging eng
Transcribing agency FISKH
Modifying agency FISKH
050 ## - LIBRARY OF CONGRESS CALL NUMBER
Classification number PZ7.L96775 I
082 ## - DEWEY DECIMAL CLASSIFICATION NUMBER
Classification number 808.83
100 ## - MAIN ENTRY--PERSONAL NAME
Personal name Lubar, David
Dates associated with a name (1954-)
245 ## - TITLE STATEMENT
Title In the land of the Lawn Weenies and other warped and creepy tales /
Statement of responsibility, etc. David Lubar
250 ## - EDITION STATEMENT
Edition statement This edition first published in 2003
260 ## - PUBLICATION, DISTRIBUTION, ETC.
Place of publication, distribution, etc. New York :
Name of publisher, distributor, etc. Starscape,
Date of publication, distribution, etc. 2003
300 ## - PHYSICAL DESCRIPTION
Extent 240 pages :
Dimensions 20 cm
505 ## - FORMATTED CONTENTS NOTE
Formatted contents note O<br/>
520 ## - SUMMARY, ETC.
Summary, etc. A collection of humorous stories involves some monstrous students, a levitation trick gone wrong, and a boring neighborhood.<br/>
521 8# - TARGET AUDIENCE NOTE
Target audience note 670<br/>
Source Lexile<br/>
521 8# - TARGET AUDIENCE NOTE
Target audience note O<br/>
Source Raz-Plus<br/>
650 ## - SUBJECT ADDED ENTRY--TOPICAL TERM
Source of heading or term Funny
Topical term or geographic name entry element Horror
650 ## - SUBJECT ADDED ENTRY--TOPICAL TERM
Source of heading or term Scary
Topical term or geographic name entry element Weenies Series
942 ## - ADDED ENTRY ELEMENTS (KOHA)
Source of classification or shelving scheme Dewey Decimal Classification
Koha item type Books
Suppress in OPAC No
Holdings
Withdrawn status Lost status Source of classification or shelving scheme Damaged status Not for loan Collection Home library Current library Shelving location Date acquired Total Checkouts Full call number Barcode Date last seen Date last checked out Copy number Price effective from Koha item type
    Dewey Decimal Classification     Juvenile Fiction Footprints International School Library Network Toul Tom Poung Campus Footprints International School Library Network Toul Kork Campus TTP Primary Orange Bookshelves 07/31/2025 1 LUB 808.83 PZ7.L96775 I FIS02865 03/13/2026 02/06/2026 1 07/31/2025 Books